| 000 | 00620pam a2200205 a 4500 | ||
|---|---|---|---|
| 020 | _a0060448296 | ||
| 020 | _a0060448415 | ||
| 082 | 0 | 0 |
_a350 _bNIG _cL-1, P-20 |
| 100 | 1 |
_aNigro, Felix A. _937805 |
|
| 245 | 1 | 0 |
_aModern public administration / _cFelix A. Nigro, Lloyd G. Nigro. |
| 250 | _a7th ed. | ||
| 260 |
_aNew York : _bHarper & Row, _cc1989. |
||
| 300 |
_axi, 387 p. : _bill. ; _c25 cm. |
||
| 526 |
_a0 _b0 _c0 _d350_000000000000000_NIG |
||
| 526 |
_a0 _b0 _c0 _d350_000000000000000_NIG |
||
| 526 |
_a0 _b0 _c0 _d350_000000000000000_NIG |
||
| 650 | 0 |
_aMCE _9379 |
|
| 700 | 1 |
_aNigro, Lloyd G. _921834 |
|
| 942 |
_2ddc _cBK |
||
| 999 |
_c542583 _d542583 |
||